[Event "BCF-ch U120"]
[Site "Aberystwyth"]
[Date "2014.07.30"]
[Round "3"]
[White "Jestico, John V"]
[Black "Clack, Michele J"]
[Result "1/2-1/2"]
[WhiteElo "114"]
[BlackElo "110"]
[PlyCount "78"]
[EventDate "2014.07.28"]
[EventType "swiss"]
[EventRounds "5"]
[EventCountry "WLS"]
[SourceTitle "EXT 2017"]
[Source "ChessBase"]
[SourceDate "2016.10.25"]
[SourceVersion "1"]
[SourceVersionDate "2016.10.25"]
[SourceQuality "1"]

1. c4 Nf6 2. Nc3 g6 3. Nf3 Bg7 4. d4 0-0 5. e4 d6 6. Bd3 Re8 7. 0-0 e6 8. Bg5 h6 9. Bh4 g5 10. Bg3 Nbd7 11. e5 Nh5 12. Qe2 dxe5 13. Nxe5 Nxg3 14. fxg3 Nxe5 15. dxe5 Qd4+ 16. Kh1 Qxe5 17. Qf3 Re7 18. Rae1 Qd6 19. Nd5 exd5 20. c5 Qxc5 21. Rc1 Qd6 22. Rf2 Be6 23. Rcf1 Rf8 24. Bc2 c6 25. Qd3 f5 26. g4 Ref7 27. gxf5 Bxf5 28. Rxf5 Rxf5 29. Rxf5 Rxf5 30. Qxf5 Qf6 31. b3 Qxf5 32. Bxf5 d4 33. Kg1 c5 34. Kf2 Kf7 35. Be4 b6 36. h3 Ke7 37. g4 Ke6 38. Kf3 Bf8 39. Bd3 a5 1/2-1/2